Výsledky výberového zisťovania pracovných síl za 4. štvrťrok 2015

Guardado en:
Detalles Bibliográficos
Formato: Libro
Lenguaje:eslovaco
inglés
Publicado: Bratislava Štatistický úrad Slovenskej republiky 2016
Colección:Zamestnanosť a mzdy
Materias:
Etiquetas: Agregar Etiqueta
Sin Etiquetas, Sea el primero en etiquetar este registro!

MARC

LEADER 00000nlm$a2200000$$$4500
001 0222180
005 20260223120137.6
041 0 |a slo 
041 0 |a eng 
044 |a SK 
245 1 0 |a Výsledky výberového zisťovania pracovných síl za 4. štvrťrok 2015 
264 1 |a Bratislava  |b Štatistický úrad Slovenskej republiky  |c 2016 
300 |a 113 s. 
490 1 |a Zamestnanosť a mzdy 
830 0 |a Zamestnanosť a mzdy 
500 |a Zdroj dokumentu: Štatistický úrad SR 
610 2 0 |a Slovensko 
610 2 0 |a sily pracovné 
610 2 0 |a trh práce 
610 2 0 |a zamestnanosť 
610 2 0 |a nezamestnanosť